000 00677cam a2200265 i 4500
001 768714001
003 CO-MdFUSB
005 20241203105344.0
007 ta
008 241203t1989 -us||||| |||| 00| 0 eng d
040 _cCO-MdFUSB
041 0 _aeng
082 0 4 _223
_a235.4
_b F827t
100 1 _aFrangipane, Francis
_eautor
245 1 0 _aThe three battlegrounds
_c/ Francis Frangipane
264 1 _bAdvacing Church
_aUSA :
_c[1989]
300 _a134 Pag
336 _atexto
_btxt
_2rdacontent
337 _2rdamedia
_asin mediación
_bn
338 _2rdacarrier
_avolumen
_bnc
563 _aRustico
653 _aGuerra espiritual
942 _cBK
945 _aMiguel
999 _c34999
_d34999